Negeri Sembilan : Forestry resources and heritage

Bibliographic Details
Format: Book
Published: Negeri Sembilan : Jabatan Perhutanan Negeri Sembilan , 2009
Subjects:

MARC

LEADER 00000cam a2200000 7i4500
001 0000003932
005 20111125.0
020 0 0 |a 9789834499204 
090 0 0 |a 333.7   |b NS 2009 
245 0 0 |a Negeri Sembilan :   |b Forestry resources and heritage 
260 0 0 |a Negeri Sembilan :   |b Jabatan Perhutanan Negeri Sembilan ,   |c 2009 
300 |a .139 p. :   |b ill. (some col.) ;   |c 30 cm. 
500 0 0 |a Includes 138-139) 
650 0 0 |a Forestry   |x Negeri Sembilan 
650 0 0 |a Heritage   |x Negeri Sembilan 
998 |a JPSM 
999 |a 007711   |b Monograph   |c Open Shelf   |e Default branch